Lady Gaga - Joanne (Pistes) - Statistiques

Statistiques générales
  • Ce quiz a été pris 12 fois
  • Le résultat moyen est 9 sur 13
Statistiques - réponses
Hint Réponse % Correct
11 Angel Down
100%
3 Joanne
100%
1 Diamond Heart
89%
7 Million Reasons
89%
2 A-YO
78%
9 Come To Mama
78%
4 John Wayne
78%
6 Perfect Illusion
78%
5 Dancin' In Circles
67%
13 Just Another Day
56%
8 Sinner's Prayer
33%
12 Grigrio Girls
11%
10 Hey Girl (feat. Florence Welch)
11%
Aucun quiz correspondant
Distribution des résultats
% des personnes avec chaque résultat
Percentile par nombre de réponses
Votre historique - résultats
Vous n’avez pas pris ce quiz